Falsafa (Record no. 326)

MARC details
000 -LEADER
fixed length control field 00631nam a2200253 a 4500
020 ## - INTERNATIONAL STANDARD BOOK NUMBER
ISBN
082 00 - DEWEY DECIMAL CLASSIFICATION NUMBER
Classification number 181.07
Author Cutter AZA
100 ## - MAIN ENTRY--AUTHOR NAME
Author name Azad, Abul Kalam
245 ## - TITLE STATEMENT
Title Falsafa
Sub title Usool-O-Mubadi Ki Raushni Men
260 ## - PUBLICATION, DISTRIBUTION, ETC. (IMPRINT)
Place of publication Delhi
Name of publisher Chaman Book Depot
Year of publication 0000
300 ## - PHYSICAL DESCRIPTION
Number of Pages 112p
500 ## - GENERAL NOTE
General note includes index and biblioraphy
505 2# - FORMATTED CONTENTS NOTE
Formatted contents note Plus Some Other Tracts
650 ## - SUBJECT ADDED ENTRY--TOPICAL TERM
Topical Term Philosophy
650 ## - SUBJECT ADDED ENTRY--TOPICAL TERM
Topical Term Philosophy-Islamic
942 ## - ADDED ENTRY ELEMENTS (KOHA)
Koha item type Books
700 1# -
-- Azad, Abul Kalam
Holdings
Collection code Home library Current library Date acquired Cost, normal purchase price Full call number Accession Number Koha item type
  Henry Martyn Institute Library Henry Martyn Institute Library 07/31/2007 100.00 181.07 AZA 04144 Books
                   Copyright © 2026 | Henry Martyn Institute | Hyderabad | TS-500052 | INDIA | Implemented by hmi.edu.in
Hit-Count:

Powered by Koha